Imagen y relaciones, entre el INFOCOOP y las cooperativas. Práctica de investigación: documento final /
Uloženo v:
| Hlavní autor: | |
|---|---|
| Médium: | Diplomová práce |
| Vydáno: |
San José:
UCR
|
| Témata: | |
| Tagy: |
Přidat tag
Žádné tagy, Buďte první, kdo vytvoří štítek k tomuto záznamu!
|
MARC
| LEADER | 00000 a a2200000 04500 | ||
|---|---|---|---|
| 001 | 28458 | ||
| 003 | |||
| 040 | |a CRAI/IIS |c CRAI/IIS | ||
| 090 | |a 18910.00 | ||
| 100 | |a Rodríguez Canossa, Patricia | ||
| 245 | |a Imagen y relaciones, entre el INFOCOOP y las cooperativas. Práctica de investigación: |b documento final / |c Patricia Rodríguez Canossa | ||
| 260 | |a San José: |b UCR | ||
| 300 | |a 209 p |b **no definido** |b fonodiscos | ||
| 500 | |a No contiene la lista del Tribunal examinador, ni el título obtenido, por lo que se asume como en proceso de elaboración | ||
| 502 | |a Tesis () -- Universidad de Costa Rica. Escuela de Antropología y Sociología. Departamento de Antropología, 2002 | ||
| 650 | |a MOVIMIENTOS COOPERATIVOS | ||
| 650 | |a PROMOCION INDUSTRIAL | ||
| 650 | |a MARCO INSTITUCIONAL | ||
| 650 | |a CRISIS | ||
| 650 | |a BIENESTAR SOCIAL | ||
| 650 | |a DESARROLLO DE LA COMUNIDAD | ||
| 650 | |a ECONOMIA DEL BIENESTAR | ||
| 650 | |a RELACIONES HUMANAS | ||
| 650 | |a COOPERATIVAS | ||
| 650 | |a MOVIMIENTOS COOPERATIVOS | ||
| 650 | |a SERVICIOS PUBLICOS | ||
| 650 | |a OPINION | ||
| 650 | |a FUNCION PUBLICA | ||
| 650 | |a COMUNICACION | ||
| 650 | |a BENEFICIO SOCIAL | ||
| 999 | |c 18058 |d 18058 | ||
